[Event "Titled Tuesday intern op 13th Feb Early"]
[Site "Chess.com INT"]
[Date "2024.02.13"]
[Round "11"]
[White "Rietze, Clemens"]
[Black "Tologontegin, Semetey"]
[Result "1-0"]
[WhiteElo "2343"]
[BlackElo "2369"]
[PlyCount "117"]
[EventDate "2024.02.13"]
[EventType "swiss (blitz)"]
[EventRounds "11"]
[EventCountry "USA"]
[SourceTitle "CB08_2024"]
[SourceDate "2024.02.21"]
[SourceVersion "1"]
[SourceVersionDate "2024.02.21"]
[SourceQuality "1"]

1. d4 d5 2. c4 e6 3. Nf3 Nf6 4. g3 Bb4+ 5. Nbd2 0-0 6. Bg2 dxc4 7. 0-0 c5 8. Nxc4 Nc6 9. a3 Ba5 10. dxc5 Qe7 11. b4 Bc7 12. Bb2 Rd8 13. Qc2 e5 14. Rfd1 Bg4 15. h3 Bh5 16. Rxd8+ Rxd8 17. Rd1 Rxd1+ 18. Qxd1 e4 19. Nh4 Qe6 20. Ne3 Ne5 21. Nhf5 h6 22. Nd6 b6 23. Bxe5 Qxe5 24. Ndc4 Qc3 25. cxb6 axb6 26. Qa4 Bxe2 27. Qa8+ Kh7 28. Bxe4+ g6 29. Qc6 Bxg3 30. fxg3 Bxc4 31. Nxc4 Qxg3+ 32. Bg2 Nh5 33. Qf3 Qe1+ 34. Kh2 Nf4 35. Qxf4 Qe6 36. Ne5 f6 37. Nf3 g5 38. Qd4 h5 39. Qd3+ Kh6 40. Kg1 g4 41. Nd4 Qe1+ 42. Kh2 Qe5+ 43. Kg1 Qe1+ 44. Bf1 g3 45. Qe2 Qc3 46. Nf3 h4 47. Kg2 Kg6 48. Qe4+ Kg7 49. Qb7+ Kg6 50. Qe4+ Kg7 51. Qg4+ Kf8 52. Be2 Qc1 53. Qe4 Qb2 54. Qa8+ Kf7 55. Qe4 Qxa3 56. Nxh4 Qb3 57. Qb7+ Kf8 58. Nf5 Kg8 59. Qg7# 1-0

[Event "Titled Tuesday intern op 13th Feb Early"]
[Site "Chess.com INT"]
[Date "2024.02.13"]
[Round "6"]
[White "Tologontegin, Semetey"]
[Black "Seder, Mohamad"]
[Result "1-0"]
[WhiteElo "2369"]
[BlackElo "2077"]
[PlyCount "81"]
[EventDate "2024.02.13"]
[EventType "swiss (blitz)"]
[EventRounds "11"]
[EventCountry "USA"]
[SourceTitle "CB08_2024"]
[SourceDate "2024.02.21"]
[SourceVersion "1"]
[SourceVersionDate "2024.02.21"]
[SourceQuality "1"]

1. e4 c5 2. Nf3 Nc6 3. d4 cxd4 4. Nxd4 g6 5. Nc3 Bg7 6. Nb3 Nf6 7. Be3 0-0 8. Be2 a6 9. a4 d6 10. 0-0 Be6 11. Nd4 Bd7 12. h3 Rc8 13. f4 e5 14. Nf3 Re8 15. Qxd6 exf4 16. Qxf4 Nb4 17. Bd3 Rxc3 18. bxc3 Nbd5 19. exd5 Nxd5 20. Qd6 Nxe3 21. Rfe1 Bxc3 22. Rab1 Bxe1 23. Rxe1 Nf5 24. Bxf5 Bxf5 25. Rxe8+ Qxe8 26. Nd4 Qe3+ 27. Kh2 Be4 28. Qb8+ Kg7 29. Qe5+ Kg8 30. a5 h5 31. Qe8+ Kg7 32. Qe5+ Kh7 33. Qf6 Bd5 34. Nf3 Qe6 35. Ng5+ Kg8 36. Nxe6 Bxe6 37. Qd8+ Kg7 38. Qd4+ Kg8 39. Qe4 Bf5 40. Qxb7 Bd3 41. cxd3 1-0

[Event "Titled Tuesday intern op 13th Feb Late"]
[Site "Chess.com INT"]
[Date "2024.02.13"]
[Round "2"]
[White "Tologontegin, Semetey"]
[Black "Tworuszka, Michal"]
[Result "1-0"]
[WhiteElo "2369"]
[BlackElo "2260"]
[PlyCount "55"]
[EventDate "2024.02.13"]
[EventType "swiss (blitz)"]
[EventRounds "11"]
[EventCountry "USA"]
[SourceTitle "CB08_2024"]
[SourceDate "2024.02.21"]
[SourceVersion "1"]
[SourceVersionDate "2024.02.21"]
[SourceQuality "1"]

1. e4 e5 2. Nf3 Nc6 3. Bc4 Bc5 4. 0-0 Nf6 5. d3 d6 6. c3 h6 7. a4 a6 8. b4 Ba7 9. Nbd2 0-0 10. Re1 Ng4 11. Re2 Kh8 12. h3 f5 13. hxg4 fxg4 14. Ne1 g3 15. Nef3 Bxf2+ 16. Rxf2 gxf2+ 17. Kxf2 Bg4 18. Qh1 Qf6 19. Nf1 Qg6 20. Be3 Ne7 21. N1d2 c6 22. Bb3 d5 23. Bc5 Rae8 24. Qh4 Rf4 25. Qg3 dxe4 26. dxe4 Rd8 27. Kg1 Ng8 28. Nxe5 1-0

[Event "Titled Tuesday intern op 06th Feb Early"]
[Site "Chess.com INT"]
[Date "2024.02.06"]
[Round "2"]
[White "Tologontegin, Semetey"]
[Black "Vakhlamov, Igor L"]
[Result "1-0"]
[WhiteElo "2369"]
[BlackElo "2413"]
[PlyCount "133"]
[EventDate "2024.02.06"]
[EventType "swiss (blitz)"]
[EventRounds "11"]
[EventCountry "USA"]
[SourceTitle "CB07_2024"]
[SourceDate "2024.02.14"]
[SourceVersion "1"]
[SourceVersionDate "2024.02.14"]
[SourceQuality "1"]

1. Nf3 d5 2. g3 c5 3. c4 e6 4. Bg2 Nf6 5. b3 Nc6 6. Bb2 Be7 7. 0-0 0-0 8. e3 b6 9. Nc3 Bb7 10. cxd5 Nxd5 11. Nxd5 Qxd5 12. Ne5 Qd6 13. d4 cxd4 14. exd4 Rac8 15. Rc1 Na5 16. Bxb7 Nxb7 17. Qf3 Rxc1 18. Rxc1 Nd8 19. Qa8 f6 20. Nd3 Qd7 21. Nf4 Nf7 22. Qe4 Ng5 23. Qe3 Bd6 24. Kg2 Rc8 25. h4 Bxf4 26. Qxf4 Nf7 27. Qe4 Rxc1 28. Bxc1 Nd8 29. Be3 Nc6 30. h5 h6 31. g4 Ne7 32. Qa8+ Kf7 33. Qe4 Qd5 34. Kf3 Ke8 35. Qxd5 Nxd5 36. Bd2 Kd7 37. Ke4 a5 38. a4 Kc6 39. f4 Kd7 40. g5 f5+ 41. Kd3 Ke7 42. Kc4 Kf7 43. g6+ Ke7 44. Kb5 Kd7 45. b4 axb4 46. Bxb4 Kc7 47. Bf8 Nxf4 48. Bxg7 Nxh5 49. Bxh6 f4 50. g7 Nf6 51. Bxf4+ Kb7 52. Be5 Ng8 53. a5 bxa5 54. Kxa5 Kc6 55. Kb4 Kd5 56. Kb5 Ke4 57. Kc6 Kf5 58. Kd7 Nh6 59. Ke7 Kg6 60. Kxe6 Ng8 61. d5 Nf6 62. Bxf6 Kh7 63. d6 Kg8 64. d7 Kh7 65. d8Q Kg6 66. g8Q+ Kh5 67. Qg5# 1-0

[Event "Bhubaneswar SOA op 1st"]
[Site "Bhubaneswar"]
[Date "2024.02.04"]
[Round "10"]
[White "Tologontegin, Semetey"]
[Black "Soham, Kamotra"]
[Result "0-1"]
[WhiteElo "2384"]
[BlackElo "2348"]
[PlyCount "52"]
[EventDate "2024.01.28"]
[EventType "swiss"]
[EventRounds "10"]
[EventCountry "IND"]
[SourceTitle "CB06_2024"]
[SourceDate "2024.02.07"]
[SourceVersion "1"]
[SourceVersionDate "2024.02.07"]
[SourceQuality "1"]

1. d4 Nf6 2. c4 e6 3. Nc3 Bb4 4. e3 0-0 5. Bd3 d5 6. cxd5 exd5 7. Nge2 Re8 8. 0-0 b6 9. Bd2 Bf8 10. Rc1 Bb7 11. Nf4 Nbd7 12. Qb3 c5 13. Bb1 g6 14. Ncxd5 Nxd5 15. Nxd5 Qg5 16. Nf4 Bd6 17. g3 Bxf4 18. exf4 Qh5 19. Rfe1 cxd4 20. Bb4 Nf6 21. Be7 Qh3 22. f3 Ng4 23. Qc2 Ne3 24. Rxe3 dxe3 25. Bf6 Rac8 26. Bc3 Bxf3 0-1

[Event "Tamil Nadu IM 12th"]
[Site "Chennai"]
[Date "2024.01.13"]
[Round "8"]
[White "Pradeep, Kumar RA"]
[Black "Tologontegin, Semetey"]
[Result "1/2-1/2"]
[WhiteElo "2189"]
[BlackElo "2384"]
[PlyCount "133"]
[EventDate "2024.01.09"]
[EventType "tourn"]
[EventRounds "9"]
[EventCountry "IND"]
[SourceTitle "CB03_2024"]
[SourceDate "2024.01.17"]
[SourceVersion "1"]
[SourceVersionDate "2024.01.17"]
[SourceQuality "1"]

1. Nf3 c5 2. c4 Nc6 3. d4 cxd4 4. Nxd4 Qb6 5. e3 Nf6 6. Be2 e6 7. 0-0 Be7 8. Nc3 a6 9. a3 0-0 10. b4 d6 11. Bb2 Bd7 12. Rc1 Rac8 13. c5 Qc7 14. Na4 Nxd4 15. Bxd4 Bxa4 16. Qxa4 dxc5 17. Bxc5 Ne4 18. Bxe7 Qxe7 19. Rc2 Nc3 20. Qb3 Nxe2+ 21. Rxe2 Qc7 22. Rd2 Qc3 23. Qxc3 Rxc3 24. Rd7 Rb8 25. Rfd1 Kf8 26. R7d3 Rbc8 27. Kf1 Rxd3 28. Rxd3 Ke7 29. Ke2 Rc1 30. Rd1 Rc3 31. Rd3 Rc1 32. Rd1 Rc4 33. Rd3 g5 34. Kd2 Rc6 35. Rc3 Kd6 36. Rd3+ Ke7 37. Rc3 Rd6+ 38. Rd3 h5 39. Kc3 Rc6+ 40. Kd2 f5 41. e4 fxe4 42. Rd4 e5 43. Rxe4 Ke6 44. Re3 Rd6+ 45. Ke2 Rc6 46. Kd2 Rc4 47. Rd3 Rh4 48. h3 Rf4 49. Ke3 Rc4 50. Rd8 Rc3+ 51. Ke4 Rc4+ 52. Ke3 b5 53. Rh8 Rc3+ 54. Ke4 Rc4+ 55. Ke3 Rc3+ 56. Ke4 Rc4+ 57. Kd3 e4+ 58. Ke3 h4 59. Rh6+ Ke5 60. Rxa6 Rc3+ 61. Kd2 Rd3+ 62. Kc2 Kd4 63. Rd6+ Kc4 64. Rc6+ Kd4 65. Rd6+ Kc4 66. Re6 Kd4 67. Rd6+ 1/2-1/2

[Event "Chennai op 14th"]
[Site "Chennai"]
[Date "2024.01.07"]
[Round "10"]
[White "Nguyen, Duc Hoa"]
[Black "Tologontegin, Semetey"]
[Result "1/2-1/2"]
[WhiteElo "2335"]
[BlackElo "2384"]
[PlyCount "105"]
[EventDate "2023.12.31"]
[EventType "swiss"]
[EventRounds "10"]
[EventCountry "IND"]
[SourceTitle "CB02_2024"]
[SourceDate "2024.01.10"]
[SourceVersion "1"]
[SourceVersionDate "2024.01.10"]
[SourceQuality "1"]

1. d4 Nf6 2. c4 e6 3. g3 Bb4+ 4. Bd2 Bxd2+ 5. Qxd2 0-0 6. Bg2 d5 7. Nf3 c6 8. 0-0 b6 9. Ne5 Ba6 10. Rd1 Qe7 11. a4 Rc8 12. b4 Nbd7 13. b5 cxb5 14. axb5 Bb7 15. Nc3 Nxe5 16. dxe5 Ne4 17. Nxe4 dxe4 18. Qd7 Kf8 19. Rd4 Rd8 20. Qxe7+ Kxe7 21. Rxd8 Kxd8 22. Rd1+ Kc7 23. Rd4 Rd8 24. e3 f6 25. Bh3 fxe5 26. Rxd8 Kxd8 27. Bxe6 Ke7 28. Bg8 h6 29. Kf1 Kd6 30. Ke1 Kc5 31. Kd2 Kb4 32. Be6 g5 33. h4 gxh4 34. gxh4 a6 35. bxa6 Bxa6 36. Bd5 Bxc4 37. Bxe4 Kc5 38. Bg6 b5 39. f4 exf4 40. exf4 Kd4 41. f5 Ke5 42. Kc3 Bf1 43. Kb4 Bd3 44. h5 Kf6 45. Kc5 Be2 46. Kb4 Kg5 47. Kc5 Bc4 48. Kb4 Bf1 49. Kc5 Be2 50. Kb4 Bxh5 51. Kxb5 Bxg6 52. fxg6 Kxg6 53. Kc4 1/2-1/2

[Event "Chennai op 14th"]
[Site "Chennai"]
[Date "2024.01.01"]
[Round "2"]
[White "Vengatesh Krishnan, C."]
[Black "Tologontegin, Semetey"]
[Result "0-1"]
[WhiteElo "1664"]
[BlackElo "2384"]
[PlyCount "86"]
[EventDate "2023.12.31"]
[EventType "swiss"]
[EventRounds "10"]
[EventCountry "IND"]
[SourceTitle "CB02_2024"]
[SourceDate "2024.01.10"]
[SourceVersion "1"]
[SourceVersionDate "2024.01.10"]
[SourceQuality "1"]

1. c4 g6 2. Nc3 Bg7 3. g3 c5 4. Bg2 Nc6 5. d3 e6 6. e4 Nge7 7. Nge2 d6 8. h3 a6 9. Be3 Nd4 10. 0-0 0-0 11. f4 f5 12. Rc1 Rb8 13. Kh2 Bd7 14. b3 Nec6 15. Bd2 b5 16. Nxd4 Nxd4 17. Ne2 bxc4 18. dxc4 Bc6 19. Nxd4 Bxd4 20. Qe2 Qd7 21. exf5 Bxg2 22. Kxg2 gxf5 23. Rce1 e5 24. Qf3 e4 25. Qe2 a5 26. Bxa5 Qa7 27. Bd2 Qxa2 28. g4 Rxb3 29. Bc1 Qa8 30. gxf5 Kh8 31. Qxe4 Rg8+ 32. Kh2 Qxe4 33. Rxe4 Rgg3 34. Rfe1 Rxh3+ 35. Kg2 Rbg3+ 36. Kf1 Rh1+ 37. Ke2 Rh2+ 38. Kd1 Rd3+ 39. Bd2 Rdxd2+ 40. Kc1 Rc2+ 41. Kb1 Rb2+ 42. Kc1 Ra2 43. Re8+ Kg7 0-1

[Event "Chennai op 14th"]
[Site "Chennai"]
[Date "2023.12.31"]
[Round "1"]
[White "Tologontegin, Semetey"]
[Black "Shyam Ganesh, R1."]
[Result "1-0"]
[WhiteElo "2384"]
[BlackElo "1480"]
[PlyCount "53"]
[EventDate "2023.12.31"]
[EventType "swiss"]
[EventRounds "10"]
[EventCountry "IND"]
[SourceTitle "CB02_2024"]
[SourceDate "2024.01.10"]
[SourceVersion "1"]
[SourceVersionDate "2024.01.10"]
[SourceQuality "1"]

1. Nf3 Nf6 2. e3 b6 3. d4 Bb7 4. Bd3 e6 5. 0-0 d5 6. b3 Bd6 7. Bb2 0-0 8. Nbd2 Nbd7 9. Ne5 h6 10. f4 c5 11. Qe2 Ne4 12. Nxe4 dxe4 13. Bc4 cxd4 14. Nxd7 Qxd7 15. Bxd4 f5 16. Rad1 Qe7 17. g4 Kh7 18. Kh1 fxg4 19. Qxg4 e5 20. Bb2 Rad8 21. Rg1 Qf6 22. Rxd6 Rxd6 23. Bxe5 Bc8 24. Qxg7+ Qxg7 25. Rxg7+ Kh8 26. Rf7+ Kg8 27. Rd7+ 1-0

[Event "Titled Tuesday intern op 19th Dec Early"]
[Site "Chess.com INT"]
[Date "2023.12.19"]
[Round "3"]
[White "Bortnyk, Olexandr"]
[Black "Tologontegin, Semetey"]
[Result "1-0"]
[WhiteElo "2608"]
[BlackElo "2384"]
[PlyCount "77"]
[EventDate "2023.12.19"]
[EventType "swiss (blitz)"]
[EventRounds "11"]
[EventCountry "USA"]
[SourceTitle "CB52_2023"]
[SourceDate "2023.12.27"]
[SourceVersion "1"]
[SourceVersionDate "2023.12.27"]
[SourceQuality "1"]

1. e4 c5 2. c3 d5 3. exd5 Qxd5 4. d4 Nf6 5. Be3 cxd4 6. cxd4 e6 7. Nc3 Bb4 8. Nf3 Bd7 9. Bd3 Bb5 10. 0-0 Bxc3 11. bxc3 0-0 12. Rb1 Bxd3 13. Qxd3 b6 14. Bg5 Nbd7 15. c4 Qa5 16. Bf4 Rfc8 17. Bd6 Qxa2 18. Rfc1 Qa6 19. Ne5 Nxe5 20. dxe5 Nd7 21. h4 Rc6 22. h5 h6 23. Qe4 Rac8 24. Ra1 Qb7 25. Ra3 Nc5 26. Qf4 Qd7 27. Rg3 Kh8 28. Rcc3 Rg8 29. Rcf3 Nb7 30. Rxg7 Rxg7 31. Qxh6+ Kg8 32. Bf8 Kxf8 33. Rg3 Ke7 34. Qf6+ Ke8 35. Qxg7 Qd1+ 36. Kh2 Qxh5+ 37. Rh3 Qg6 38. Rh8+ Kd7 39. Qf8 1-0

[Event "Titled Tuesday intern op 12th Dec Early"]
[Site "Chess.com INT"]
[Date "2023.12.12"]
[Round "9"]
[White "Paravyan, David"]
[Black "Tologontegin, Semetey"]
[Result "1-0"]
[WhiteElo "2612"]
[BlackElo "2384"]
[PlyCount "127"]
[EventDate "2023.12.12"]
[EventType "swiss (blitz)"]
[EventRounds "11"]
[EventCountry "USA"]
[SourceTitle "CB51_2023"]
[SourceDate "2023.12.20"]
[SourceVersion "1"]
[SourceVersionDate "2023.12.20"]
[SourceQuality "1"]

1. e4 c5 2. Nf3 Nc6 3. Nc3 e6 4. d4 cxd4 5. Nxd4 Qc7 6. Nxc6 bxc6 7. Bd3 d5 8. Qe2 Nf6 9. exd5 cxd5 10. Nb5 Qb8 11. g3 Bd6 12. Nxd6+ Qxd6 13. Bf4 Qe7 14. 0-0-0 0-0 15. g4 Bb7 16. f3 Rfe8 17. Rhe1 Nd7 18. Kb1 Nc5 19. Bb5 Rec8 20. Qe5 Qd8 21. Be3 Ba6 22. Bxa6 Nxa6 23. Bd4 Qf8 24. f4 Nb4 25. f5 Nc6 26. Qf4 Nxd4 27. Qxd4 Rc4 28. Qe5 Re8 29. g5 Qc5 30. c3 Qb5 31. Rxd5 Qb6 32. Rd6 Qb8 33. fxe6 fxe6 34. Rxe6 Qxe5 35. Rxe8+ Qxe8 36. Rxe8+ Kf7 37. Ra8 Rc7 38. Rd8 Kg6 39. Rd5 Kh5 40. Kc2 Kg4 41. b4 Kh3 42. Kb3 Kxh2 43. c4 Kg3 44. c5 Kg4 45. b5 h5 46. gxh6 gxh6 47. c6 h5 48. Rd7 Rc8 49. Rxa7 h4 50. Rg7+ Kf3 51. Rh7 Kg3 52. a4 h3 53. Kb4 Kg2 54. a5 h2 55. a6 h1Q 56. Rxh1 Kxh1 57. a7 Kg2 58. Kc5 Kf3 59. b6 Ke4 60. b7 Rh8 61. Kb6 Kd5 62. a8Q Rxa8 63. bxa8Q Kd6 64. Qd8+ 1-0

[Event "Titled Tuesday intern op 12th Dec Early"]
[Site "Chess.com INT"]
[Date "2023.12.12"]
[Round "3"]
[White "Szpar, Milosz"]
[Black "Tologontegin, Semetey"]
[Result "0-1"]
[WhiteElo "2485"]
[BlackElo "2384"]
[PlyCount "108"]
[EventDate "2023.12.12"]
[EventType "swiss (blitz)"]
[EventRounds "11"]
[EventCountry "USA"]
[SourceTitle "CB51_2023"]
[SourceDate "2023.12.20"]
[SourceVersion "1"]
[SourceVersionDate "2023.12.20"]
[SourceQuality "1"]

1. e4 e5 2. Nf3 Nc6 3. Nc3 Nf6 4. Bb5 Bc5 5. 0-0 0-0 6. Nxe5 Nxe5 7. d4 Bd6 8. f4 Nc6 9. e5 Be7 10. d5 Bc5+ 11. Kh1 a6 12. Be2 Nd4 13. exf6 Qxf6 14. Ne4 Qe7 15. Bd3 d6 16. c3 Nf5 17. Bd2 Ba7 18. Qf3 Bd7 19. Rae1 Qh4 20. g4 Nh6 21. g5 Ng4 22. Re2 f6 23. Be1 Qh5 24. gxf6 gxf6 25. Rg2 Kh8 26. h3 f5 27. Ng5 Rae8 28. Bd2 h6 29. Rh2 Nf6 30. Qxh5 Nxh5 31. Nf3 Ng3+ 32. Kg2 Rg8 33. Re1 Ne4+ 34. Kf1 Ng3+ 35. Kg2 Ne4+ 36. Kf1 Rg3 37. Bxe4 fxe4 38. Nd4 Bxd4 39. cxd4 Bb5+ 40. Kf2 Reg8 41. Rxe4 Rg1 42. Be1 Rf1+ 43. Ke3 Rxe1+ 44. Kf3 Rf1+ 45. Ke3 Re1+ 46. Kf3 Rxe4 47. Kxe4 Kg7 48. f5 Kf6 49. a4 Bxa4 50. Kf4 Rg5 51. Re2 Rxf5+ 52. Kg4 Rxd5 53. Kf4 Rxd4+ 54. Ke3 Rh4 0-1